Focus (Record no. 84342)
[ view plain ]
| 000 -LEADER | |
|---|---|
| fixed length control field | 00910cab a22002535a 4500 |
| 001 - CONTROL NUMBER | |
| control field | L157348 |
| 008 - FIXED-LENGTH DATA ELEMENTS--GENERAL INFORMATION | |
| fixed length control field | 121030e2012 xxk 000 0 eng d |
| 035 ## - SYSTEM CONTROL NUMBER | |
| System control number | (Sirsi) u157348 |
| 041 0# - LANGUAGE CODE | |
| Language code of text/sound track or separate title | eng |
| 100 1# - MAIN ENTRY--PERSONAL NAME | |
| Personal name | Hamilton, Helen |
| 245 00 - TITLE STATEMENT | |
| Title | Focus |
| Remainder of title | Hampshire and Dorset |
| 260 ## - PUBLICATION, DISTRIBUTION, ETC. | |
| Date of publication, distribution, etc. | 2012 |
| 490 ## - SERIES STATEMENT | |
| Series statement | Estates Gazette |
| Volume/sequential designation | (1243) 27 October 2012, 87-105(15) |
| 520 ## - SUMMARY, ETC. | |
| Summary, etc. | Review of Bournemouth Council's regeneration project a year after it signed up to a 20 year partnership with Morgan Sindall to develop key town centre sites. Also features proposals from Southampton and Portsmouth for the future of their cities and examines Southampton's retail and office market. |
| 590 ## - LOCAL NOTE (RLIN) | |
| Local note | KA |
| 651 #4 - SUBJECT ADDED ENTRY--GEOGRAPHIC NAME | |
| Geographic name | Hampshire |
| 651 #4 - SUBJECT ADDED ENTRY--GEOGRAPHIC NAME | |
| Geographic name | Dorset |
| 690 ## - LOCAL SUBJECT ADDED ENTRY--TOPICAL TERM (OCLC, RLIN) | |
| Topical term or geographic name as entry element | Commercial property |
| 9 (RLIN) | 6227 |
| 700 1# - ADDED ENTRY--PERSONAL NAME | |
| Personal name | Bourke, Joanna |
| 700 1# - ADDED ENTRY--PERSONAL NAME | |
| Personal name | Meadwell, Stacey |
| 700 1# - ADDED ENTRY--PERSONAL NAME | |
| Personal name | Thame, David |
| 700 1# - ADDED ENTRY--PERSONAL NAME | |
| Personal name | Simmons, Mark |
| 942 ## - ADDED ENTRY ELEMENTS (KOHA) | |
| Suppress in OPAC | 0 |
| Withdrawn status | Lost status | Source of classification or shelving scheme | Damaged status | Not for loan | Home library | Current library | Shelving location | Date acquired | Total Checkouts | Full call number | Barcode | Date last seen | Copy number | Price effective from | Koha item type |
|---|---|---|---|---|---|---|---|---|---|---|---|---|---|---|---|
| Dewey Decimal Classification | London | London | Journal article | 30/10/2012 | L157348 | 157348-1001 | 06/08/2019 | 1 | 06/08/2019 | Journal article |